Videojuegos traducidos al español - Estadísticas

Estadísticas generales
  • Esta prueba ha sido intentada 24 veces
  • La puntuación promedio es 14 de 18
Estadísticas de respuestas
En español Videojuego % Correcto
Gran Robo de Autos Grand Theft Auto
96%
Pokémon, ¡Ve! Pokémon Go
96%
Los Últimos de Nosotros The Last of Us
96%
El Credo del Asesino Assassin's Creed
91%
Dios de la Guerra God of War
91%
Liga de Leyendas League of Legends
91%
Plantas contra Zombis Plants vs Zombies
87%
Fuego Libre Free Fire
83%
Entre Nosotros Among Us
78%
Chicos Que Caen Fall Guys
78%
Redención Roja y Muerta Red Dead Redemption
74%
Liga de Cohetes Rocket League
74%
Luchador Callejero Street Fighter
70%
El Llamado del Deber Call of Duty
65%
Necesidad de Velocidad Need for Speed
61%
Saqueadora de Tumbas Tomb Raider
52%
Invasores Espaciales Space Invaders
39%
Súper Choque de Hermanos Super Smash Brothers
35%
No se encontraron pruebas coincidentes
Distribución de puntuación
Porcentaje de gente con cada puntuación
Porcentaje por número respondido
Historial de tus puntuaciones
No has intentado esta prueba.